| 000 | 00630nam a2200181Ia 4500 | ||
|---|---|---|---|
| 008 | 090123s9999 xx 000 0 und d | ||
| 082 | _b42392 | ||
| 100 | _aपचिंद्रे श्रीराम ग. | ||
| 245 | _aभष्ट्रासुराच्या कथा | ||
| 250 | _a2 | ||
| 260 | _c2007 | ||
| 300 | _a183 | ||
| 600 | _aपचिंद्रे श्रीराम ग. | ||
| 630 | _aभष्ट्रासुराच्या कथा | ||
| 700 | _aपचिंद्रे श्रीराम ग. | ||
| 730 | _aभष्ट्रासुराच्या कथा | ||
| 942 | _cBOOK | ||
| 999 |
_c80498 _d80498 |
||